Chaîne de mots - Mythologie grecque - Statistiques

Statistiques générales
  • Ce quiz a été pris 18 620 fois
  • Le résultat moyen est 15 sur 24
Statistiques - réponses
Indice Réponse % Correct
Créature mythique qui attirait les marins Sirène
93%
Faiblesse d'Achille Talon
91%
Les cyclopes n'en ont qu'un seul Oeil
90%
Déesse de la guerre et de la sagesse Athéna
89%
Dieu de la mer Poséidon
89%
Dieu connu pour sa beauté et sa lyre Apollon
81%
Il s'est noyé en regardant son reflet Narcisse
80%
Peuple de femmes guerrières Amazones
79%
Direction que le dieu du vent Borée indique Nord
76%
Son fil a permis à Thésée de sortir du labyrinthe Ariane
72%
Dieu de l'amour, équivalent de Cupidon Éros
68%
Sisyphe le pousse éternellement Roc
67%
Boisson des dieux qui leur assure l'immortalité Nectar
58%
Animal en lequel Lycaon est transformé par Zeus Loup
56%
Monstre marin associé à Charybde Scylla
53%
Ce dont Nyx est la déesse Nuit
52%
Réplique de Gerald Butler dans le film 300: This is ___ ! Sparta
49%
Elle diffère selon la tristesse de Déméter et où se trouve Perséphone Saison
47%
Dieu du ciel, il enfanta avec Gaïa les premiers Titans Ouranos
45%
Ville de l'oracle appelée Pythie Delphes
44%
Nymphe de la mer qui a retenu Ulysse avec elle Calypso
41%
Mère de Zeus Rhéa
36%
Nymphe amoureuse de ce dernier, elle ne fait que se répéter Écho
32%
Personnification du ciel lumineux et élément céleste selon Aristote Éther
12%
Aucun quiz correspondant
Distribution des résultats
% des personnes avec chaque résultat
Percentile par nombre de réponses
Votre historique - résultats
Vous n’avez pas pris ce quiz